[Event "20e Festival de Chambéry -Tournoi fermé "]
[Site "Chambéry (73)"]
[Date "2014.07.26"]
[Round "6.1"]
[White "Valles, Manuel"]
[Black "Horvath, Jozsef"]
[Result "1/2-1/2"]
[WhiteElo "2398"]
[BlackElo "2509"]
[PlyCount "65"]
[EventDate "2014.??.??"]

1. c4 g6 2. Nc3 Bg7 3. g3 d6 4. Bg2 e5 5. b3 f5 6. Bb2 Nf6 7. d3 O-O 8. e3 f4
9. gxf4 exf4 10. exf4 Nh5 11. Nge2 Nxf4 12. Nxf4 Rxf4 13. Qd2 Rf8 14. O-O Nc6
15. Bd5+ Kh8 16. Bxc6 bxc6 17. Ne4 Bf5 18. Rfe1 Qd7 19. Ng3 Kg8 20. Re2 Bxb2
21. Qxb2 Bxd3 22. Re3 Bf5 23. Rae1 Rf7 24. Qd4 c5 25. Qh4 Raf8 26. Re7 Qd8 27.
Nxf5 gxf5 28. Qg3+ Kh8 29. Qc3+ Kg8 30. Qg3+ Kh8 31. Qc3+ Kg8 32. Qg3+ Kh8 33.
Qc3+ 1/2-1/2

[Event "20e Festival de Chambéry -Tournoi fermé "]
[Site "Chambéry (73)"]
[Date "2014.07.26"]
[Round "6.2"]
[White "Bailet, Pierre"]
[Black "Moussard, Jules"]
[Result "1-0"]
[WhiteElo "2469"]
[BlackElo "2423"]
[PlyCount "152"]
[EventDate "2014.??.??"]

1. d4 e6 2. Nf3 Nf6 3. c4 Bb4+ 4. Bd2 Qe7 5. g3 Nc6 6. Bg2 O-O 7. O-O Bxd2 8.
Qxd2 d6 9. Nc3 e5 10. d5 Nd8 11. e4 a5 12. Ne1 b6 13. Nd3 Ba6 14. b3 Nb7 15. f4
Nd7 16. Bh3 Ndc5 17. Nf2 Rfb8 18. Ng4 Nd8 19. fxe5 dxe5 20. Rf5 Nd7 21. Raf1 f6
22. Rh5 Nf7 23. Ne3 Nf8 24. Kh1 Nd6 25. Rh4 a4 26. Rc1 axb3 27. axb3 Bc8 28.
Bxc8 Rxc8 29. b4 Ng6 30. Rh5 Ne8 31. Nb5 Ra4 32. c5 bxc5 33. bxc5 Rb8 34. d6
cxd6 35. cxd6 Qd7 36. Qd5+ Kh8 37. Rc7 Qd8 38. Nf5 Rxb5 39. Qxb5 Ra1+ 40. Kg2
Nxc7 41. dxc7 Ra2+ 42. Kh3 Qf8 43. Qd5 Ra8 44. Qd7 h6 45. Nxg7 Qxg7 46. c8=Q+
Rxc8 47. Qxc8+ Kh7 48. Qe6 Qe7 49. Qg4 Qg7 50. Rf5 Ne7 51. Rf1 Qxg4+ 52. Kxg4
Kg6 53. Rc1 h5+ 54. Kh4 Kh6 55. Rc7 Ng6+ 56. Kh3 Kg5 57. Kg2 h4 58. gxh4+ Nxh4+
59. Kg3 f5 60. Rg7+ Ng6 61. exf5 Kxf5 62. h4 Kf6 63. Ra7 e4 64. h5 Ne7 65. Kf4
Ng8 66. Kxe4 Nh6 67. Kf4 Nf7 68. Rb7 Nh6 69. Rb6+ Kg7 70. Rg6+ Kh7 71. Kg5 Nf7+
72. Kf5 Nh6+ 73. Kf6 Ng8+ 74. Kg5 Ne7 75. Ra6 Nd5 76. Rd6 Nc3 1-0

[Event "20e Festival de Chambéry -Tournoi fermé "]
[Site "Chambéry (73)"]
[Date "2014.07.26"]
[Round "6.3"]
[White "Rambaldi, Francesco"]
[Black "Delorme, Axel"]
[Result "1-0"]
[WhiteElo "2444"]
[BlackElo "2494"]
[PlyCount "75"]
[EventDate "2014.??.??"]

1. e4 e5 2. Nc3 Nf6 3. Bc4 Nxe4 4. Qh5 Nd6 5. Bb3 Be7 6. Qxe5 O-O 7. d3 c6 8.
d4 b5 9. Nf3 a5 10. a4 b4 11. Nd1 Ba6 12. Ne3 Re8 13. Qf4 Nc4 14. Ne5 Nxe5 15.
dxe5 d5 16. exd6 Bf6 17. Bd2 Nd7 18. O-O-O Ne5 19. Rhe1 Bg5 20. Qg3 Bh4 21. Qf4
Bg5 22. Qd4 c5 23. Qd5 Qd7 24. Kb1 Bxe3 25. Rxe3 c4 26. Rxe5 cxb3 27. cxb3 Bb7
28. Qd4 Rxe5 29. Qxe5 Bxg2 30. Rg1 f6 31. Qd4 Qf5+ 32. Ka2 Qe4 33. Qc4+ Kh8 34.
Be3 Qb7 35. Qc7 Kg8 36. Rxg2 Qxg2 37. d7 Qd5 38. Bb6 1-0

[Event "20e Festival de Chambéry -Tournoi fermé "]
[Site "Chambéry (73)"]
[Date "2014.07.26"]
[Round "6.4"]
[White "Campos Moreno, Javier"]
[Black "Guidarelli, Laurent"]
[Result "1/2-1/2"]
[WhiteElo "2458"]
[BlackElo "2498"]
[PlyCount "63"]
[EventDate "2014.??.??"]

1. d4 e6 2. c4 f5 3. g3 Nf6 4. Bg2 c6 5. Nd2 d5 6. Nh3 Bd6 7. O-O O-O 8. Qc2
Qe7 9. Nf3 Ne4 10. Bf4 Nd7 11. Bxd6 Nxd6 12. b3 b6 13. Nf4 Bb7 14. Nd3 Ne4 15.
Nfe5 Nxe5 16. Nxe5 Rac8 17. f3 Nf6 18. c5 bxc5 19. Qxc5 Qxc5 20. dxc5 Rc7 21.
Rfd1 Ba6 22. Rd2 Nd7 23. Nxd7 Rxd7 24. e4 Rfd8 25. exf5 exf5 26. Re1 Kf7 27. f4
Re7 28. Rxe7+ Kxe7 29. Kf2 Kf6 30. Rd4 Bb5 31. Bf3 a5 32. Ke3 1/2-1/2

[Event "20e Festival de Chambéry -Tournoi fermé "]
[Site "Chambéry (73)"]
[Date "2014.07.26"]
[Round "6.5"]
[White "Estremera Panos, S."]
[Black "Drenchev, Petar"]
[Result "0-1"]
[WhiteElo "2345"]
[BlackElo "2511"]
[PlyCount "112"]
[EventDate "2014.??.??"]

1. d4 d6 2. e4 Nf6 3. Nc3 g6 4. Nf3 Bg7 5. Be2 O-O 6. O-O c5 7. dxc5 dxc5 8.
Qxd8 Rxd8 9. Be3 b6 10. Rad1 Nc6 11. Rxd8+ Nxd8 12. Rd1 Bb7 13. e5 Ng4 14. Bg5
Ne6 15. Bxe7 Nf4 16. Bc4 Bxf3 17. gxf3 Nxe5 18. Bd5 Re8 19. Bd6 Nxd5 20. Bxe5
Bxe5 21. Nxd5 Bxb2 22. Kf1 Kg7 23. a4 Re5 24. c4 Bd4 25. Rb1 Re6 26. Rb5 Rc6
27. Kg2 Kh6 28. Rb3 Re6 29. Kf1 Kg5 30. Rb5 Kh4 31. a5 bxa5 32. Rxa5 a6 33. Ra2
g5 34. Kg2 g4 35. f4 f6 36. Nc7 Re1 37. Nxa6 Re4 38. Nc7 Rxf4 39. Nd5 Rf3 40.
Re2 Kg5 41. Nc7 Rc3 42. Ne6+ Kf5 43. Nxd4+ cxd4 44. Re7 h5 45. Rc7 h4 46. c5
h3+ 47. Kf1 Ke4 48. Ke2 Kd5 49. Rf7 Rf3 50. Rc7 d3+ 51. Kf1 f5 52. c6 Kc5 53.
Rc8 Kb6 54. Ke1 d2+ 55. Kxd2 Rxf2+ 56. Ke3 Rxh2 0-1

[Event "20e Festival de Chambéry -Tournoi fermé "]
[Site "Chambéry (73)"]
[Date "2014.07.26"]
[Round "7.1"]
[White "Horvath, Jozsef"]
[Black "Rambaldi, Francesco"]
[Result "1/2-1/2"]
[WhiteElo "2509"]
[BlackElo "2444"]
[PlyCount "131"]
[EventDate "2014.??.??"]

1. Nf3 Nf6 2. g3 c5 3. Bg2 g6 4. b3 Bg7 5. Bb2 d5 6. c4 O-O 7. cxd5 Nxd5 8.
Bxg7 Kxg7 9. O-O Nc6 10. d4 cxd4 11. Nxd4 Ndb4 12. Nxc6 Nxc6 13. Nc3 Qa5 14.
Nd5 e5 15. Qe1 Qxe1 16. Rfxe1 Bf5 17. Ne3 Be6 18. Bxc6 bxc6 19. Rec1 a5 20. Nc4
Bxc4 21. Rxc4 Rfd8 22. e3 Rd2 23. Ra4 Rad8 24. Rxa5 Rb2 25. Rxe5 Rdd2 26. Rf1
Rxa2 27. Rc5 Rab2 28. Rxc6 Rxb3 29. h4 h6 30. Ra6 Re2 31. Ra5 h5 32. Ra4 Rbb2
33. Rf4 Rb7 34. Ra1 Rc2 35. Ra5 Kh6 36. Kg2 Re7 37. Kf3 Rb7 38. g4 hxg4+ 39.
Kxg4 Rc1 40. Kf3 Rg1 41. h5 gxh5 42. Rff5 Kg6 43. Rxh5 Rb2 44. Rh8 Rf1 45. Rh2
Rc1 46. Kf4 Rg1 47. e4 Kf6 48. e5+ Kg7 49. Ra8 Rb4+ 50. Kf3 Rb3+ 51. Ke2 Rb2+
52. Kd3 Rg5 53. Re8 Ra2 54. Ke4 Ra4+ 55. Ke3 Kg6 56. f4 Rg3+ 57. Kf2 Rb3 58.
Rg2+ Kf5 59. Kg1 Rxf4 60. Rf2 Rg3+ 61. Kf1 Rgf3 62. Rxf3 Rxf3+ 63. Ke2 Rf4 64.
Kd3 Re4 65. Rf8 Rxe5 66. Rxf7+ 1/2-1/2

[Event "20e Festival de Chambéry -Tournoi fermé "]
[Site "Chambéry (73)"]
[Date "2014.07.26"]
[Round "7.2"]
[White "Drenchev, Petar"]
[Black "Bailet, Pierre"]
[Result "1-0"]
[WhiteElo "2511"]
[BlackElo "2469"]
[PlyCount "95"]
[EventDate "2014.??.??"]

1. e4 c6 2. d4 d5 3. Nd2 dxe4 4. Nxe4 Bf5 5. Ng3 Bg6 6. h4 h6 7. Nf3 Nd7 8. h5
Bh7 9. Bd3 Bxd3 10. Qxd3 e6 11. Bd2 Ngf6 12. O-O-O Be7 13. Ne4 Nxe4 14. Qxe4
Nf6 15. Qe2 Qd5 16. Kb1 O-O 17. Ne5 Qe4 18. Qxe4 Nxe4 19. Be1 Rfd8 20. f3 Nf6
21. Bf2 Nd7 22. Nd3 Kf8 23. g4 Rac8 24. c3 b6 25. Kc2 Bd6 26. Rhe1 Ke8 27. b3
Kf8 28. Re2 Nf6 29. c4 Nd7 30. a4 Be7 31. Be1 Bf6 32. Bc3 c5 33. dxc5 Bxc3 34.
Kxc3 Nxc5 35. Red2 Ke7 36. Nxc5 Rxd2 37. Rxd2 Rxc5 38. b4 Re5 39. Kd4 Re1 40.
c5 Ra1 41. c6 a6 42. Ke3 Ra3+ 43. Ke2 Rc3 44. b5 axb5 45. axb5 Rc5 46. Rd7+ Kf6
47. Rd8 Ke5 48. Rb8 1-0

[Event "20e Festival de Chambéry -Tournoi fermé "]
[Site "Chambéry (73)"]
[Date "2014.07.26"]
[Round "7.3"]
[White "Guidarelli, Laurent"]
[Black "Estremera Panos, S."]
[Result "1/2-1/2"]
[WhiteElo "2498"]
[BlackElo "2345"]
[PlyCount "60"]
[EventDate "2014.??.??"]

1. d4 Nf6 2. c4 e6 3. Nf3 d5 4. Nc3 Bb4 5. Qa4+ Nc6 6. e3 O-O 7. Bd2 dxc4 8.
Bxc4 Bd6 9. h3 a6 10. e4 e5 11. dxe5 Nxe5 12. Nxe5 Bxe5 13. O-O-O c6 14. f4 b5
15. Qc2 bxc4 16. fxe5 Nd7 17. Bf4 Qe7 18. Qa4 Nxe5 19. Bxe5 Qxe5 20. Qxc6 Be6
21. Qd6 Qa5 22. Qg3 Rfd8 23. Rxd8+ Rxd8 24. Rd1 Rxd1+ 25. Kxd1 h6 26. Ke1 Qc5
27. Qf2 Qg5 28. Qd2 Qc5 29. Qf2 Qg5 30. Qd2 Qc5 1/2-1/2

[Event "20e Festival de Chambéry -Tournoi fermé "]
[Site "Chambéry (73)"]
[Date "2014.08.01"]
[Round "7.4"]
[White "Delorme, Axel"]
[Black "Campos Moreno, J."]
[Result "1-0"]
[WhiteElo "2494"]
[BlackElo "2458"]
[PlyCount "63"]
[EventDate "2014.??.??"]

1. d4 Nf6 2. c4 e6 3. g3 d5 4. Nf3 Bb4+ 5. Nc3 dxc4 6. Bg2 Nc6 7. O-O O-O 8. a3
Be7 9. e4 Na5 10. Be3 a6 11. Qc2 b5 12. Rad1 Nd7 13. h4 c5 14. e5 cxd4 15. Rxd4
Qc7 16. Ng5 Bxg5 17. hxg5 Bb7 18. Bxb7 Nxb7 19. Rh4 g6 20. Qe4 Nbc5 21. Qh1 h5
22. gxh6 Kh7 23. Rd1 Rad8 24. Rhd4 Qxe5 25. Qh4 Qh8 26. Rxd7 Nxd7 27. Qe7 g5
28. Bxg5 Kg6 29. Bh4 Rfe8 30. Qg5+ Kh7 31. Ne4 f6 32. Rxd7+ 1-0

[Event "20e Festival de Chambéry -Tournoi fermé "]
[Site "Chambéry (73)"]
[Date "2014.07.26"]
[Round "7.5"]
[White "Moussard, Jules"]
[Black "Valles, Manuel"]
[Result "1/2-1/2"]
[WhiteElo "2423"]
[BlackElo "2398"]
[PlyCount "75"]
[EventDate "2014.??.??"]

1. Nf3 d5 2. b3 c5 3. e3 Nf6 4. Bb5+ Bd7 5. Qe2 a6 6. Bxd7+ Nbxd7 7. Bb2 g6 8.
O-O Bg7 9. d3 O-O 10. Nbd2 Qc7 11. c4 Rfd8 12. Rac1 dxc4 13. Nxc4 b5 14. Nce5
Nxe5 15. Bxe5 Qb6 16. d4 Nd7 17. Bxg7 Kxg7 18. dxc5 Nxc5 19. Rfd1 Rxd1+ 20.
Rxd1 Rd8 21. Qb2+ Kg8 22. Rxd8+ Qxd8 23. Qd4 Qxd4 24. Nxd4 Kf8 25. Kf1 Ke8 26.
Ke2 Kd7 27. f3 e5 28. Nc2 f5 29. Nb4 Kd6 30. Nd3 Ne6 31. Kd2 h5 32. Kc3 Nc5 33.
Nxc5 Kxc5 34. b4+ Kd6 35. h4 Ke6 36. e4 fxe4 37. fxe4 Kd6 38. Kd3 1/2-1/2

[Event "20e Festival de Chambéry -Tournoi fermé "]
[Site "Chambéry (73)"]
[Date "2014.08.02"]
[Round "8.1"]
[White "Delorme, Axel"]
[Black "Horvath, Jozsef"]
[Result "1/2-1/2"]
[WhiteElo "2494"]
[BlackElo "2509"]
[PlyCount "59"]
[EventDate "2014.??.??"]

1. e4 c6 2. d4 d5 3. Nc3 dxe4 4. Nxe4 Bf5 5. Ng3 Bg6 6. Nh3 e6 7. Nf4 Bd6 8. c3
Nf6 9. h4 Bxf4 10. Bxf4 h6 11. h5 Bh7 12. Qb3 Qe7 13. Be2 O-O 14. O-O Na6 15.
a4 Nd5 16. Bd2 c5 17. Rfe1 Rfd8 18. Bf3 Qc7 19. Re5 cxd4 20. cxd4 Nc5 21. Qc4
Nd3 22. Qxc7 Nxc7 23. Ra5 b6 24. Bxa8 Rxa8 25. Re5 Nxe5 26. dxe5 Nd5 27. Ne2
Rc8 28. Nc3 Nxc3 29. Bxc3 Be4 30. a5 1/2-1/2

[Event "20e Festival de Chambéry -Tournoi fermé "]
[Site "Chambéry (73)"]
[Date "2014.07.26"]
[Round "8.2"]
[White "Bailet, Pierre"]
[Black "Guidarelli, Laurent"]
[Result "1-0"]
[WhiteElo "2469"]
[BlackElo "2498"]
[PlyCount "79"]
[EventDate "2014.??.??"]

1. e4 e5 2. Nf3 Nc6 3. Bb5 a6 4. Ba4 Nf6 5. O-O b5 6. Bb3 Bc5 7. c3 d6 8. a4
Rb8 9. axb5 axb5 10. d3 h6 11. Nbd2 O-O 12. Re1 Bb6 13. Nf1 Ne7 14. h3 Ng6 15.
Ng3 Re8 16. Nh2 d5 17. exd5 Nxd5 18. d4 Ndf4 19. Nf3 exd4 20. Bxf4 Nxf4 21. Ne5
Be6 22. Nc6 Qg5 23. Bxe6 fxe6 24. Re5 Qg6 25. cxd4 Nd3 26. Rxb5 Rbd8 27. Nxd8
Bxd4 28. Nf5 exf5 29. Qxd3 Rxd8 30. Qf3 c5 31. Ra8 Rxa8 32. Qxa8+ Kh7 33. Qf3
Qe6 34. g3 Qe1+ 35. Kg2 Qb1 36. h4 Qc2 37. h5 Bxb2 38. Qc6 Bf6 39. Rxc5 Qb1 40.
Qf3 1-0

[Event "20e Festival de Chambéry -Tournoi fermé "]
[Site "Chambéry (73)"]
[Date "2014.07.26"]
[Round "8.3"]
[White "Rambaldi, Francesco"]
[Black "Moussard, Jules"]
[Result "1/2-1/2"]
[WhiteElo "2444"]
[BlackElo "2423"]
[PlyCount "61"]
[EventDate "2014.??.??"]

1. d4 e6 2. e4 d5 3. Nd2 h6 4. Ngf3 Nf6 5. Bd3 c5 6. exd5 Nxd5 7. dxc5 Bxc5 8.
Ne4 Be7 9. O-O Qc7 10. g3 Nc6 11. c4 Nf6 12. Nxf6+ Bxf6 13. Nd2 b6 14. Ne4 Bd4
15. Nc3 Bxc3 16. bxc3 Bb7 17. Be4 O-O 18. c5 bxc5 19. Bf4 e5 20. Be3 Na5 21.
Bxb7 Nxb7 22. Qd5 Rad8 23. Qc4 Kh8 24. Rab1 f5 25. Qa6 Rf7 26. f4 e4 27. Rfd1
Rfd7 28. Rxd7 Rxd7 29. Qxa7 Qd6 30. Rxb7 Qd1+ 31. Kg2 1/2-1/2

[Event "20e Festival de Chambéry -Tournoi fermé "]
[Site "Chambéry (73)"]
[Date "2014.07.26"]
[Round "8.4"]
[White "Valles, Manuel"]
[Black "Drenchev, Petar"]
[Result "0-1"]
[WhiteElo "2398"]
[BlackElo "2511"]
[PlyCount "100"]
[EventDate "2014.??.??"]

1. c4 e5 2. Nc3 d6 3. g3 g6 4. Bg2 Bg7 5. d3 Nc6 6. e3 Be6 7. Nge2 Qd7 8. h3
Nge7 9. b3 O-O 10. Bb2 d5 11. cxd5 Nxd5 12. Ne4 Qe7 13. Rc1 Rad8 14. a3 a5 15.
Qc2 Ndb4 16. axb4 Nxb4 17. Qc3 Nxd3+ 18. Kf1 Nxc1 19. Nxc1 Rd1+ 20. Ke2 Rxh1
21. Bxh1 b6 22. f4 f6 23. fxe5 fxe5 24. Bg2 Qf7 25. Kd2 Qd7+ 26. Nd3 Bd5 27.
Ke2 Rd8 28. g4 c5 29. g5 Bxe4 30. Bxe4 Qxh3 31. Nf2 Qh5+ 32. Bf3 Qxg5 33. Qc4+
Kh8 34. Qf7 Rf8 35. Qd5 Qf5 36. Nd3 e4 37. Bxg7+ Kxg7 38. Bxe4 Qxd5 39. Bxd5 g5
40. e4 Rd8 41. Kf3 h5 42. Ne5 b5 43. Nc6 Rf8+ 44. Kg3 a4 45. bxa4 bxa4 46. Ne5
a3 47. Nf3 Rxf3+ 48. Kxf3 Kf6 49. Ke3 Ke5 50. Ba2 g4 0-1

[Event "20e Festival de Chambéry -Tournoi fermé "]
[Site "Chambéry (73)"]
[Date "2014.07.26"]
[Round "8.5"]
[White "Campos Moreno, J."]
[Black "Estremera Panos, S."]
[Result "1/2-1/2"]
[WhiteElo "2458"]
[BlackElo "2345"]
[PlyCount "47"]
[EventDate "2014.??.??"]

1. d4 Nf6 2. c4 g6 3. Nc3 d5 4. Nf3 Bg7 5. cxd5 Nxd5 6. e4 Nxc3 7. bxc3 c5 8.
Be3 Qa5 9. Qd2 O-O 10. Rc1 cxd4 11. cxd4 Qxd2+ 12. Kxd2 Rd8 13. Bb5 Nc6 14.
Bxc6 bxc6 15. Rc5 f5 16. Rb1 fxe4 17. Ne5 Bxe5 18. Rxe5 Kf7 19. a4 Be6 20. Rb7
Rdb8 21. Rc7 Rc8 22. Rb7 Rcb8 23. Rc7 Rc8 24. Rb7 1/2-1/2

[Event "20e Festival de Chambéry -Tournoi fermé "]
[Site "Chambéry (73)"]
[Date "2014.07.26"]
[Round "9.1"]
[White "Horvath, Jozsef"]
[Black "Campos Moreno, J."]
[Result "1-0"]
[WhiteElo "2509"]
[BlackElo "2458"]
[PlyCount "53"]
[EventDate "2014.??.??"]

1. Nf3 c5 2. c4 Nc6 3. e3 e5 4. Nc3 Nf6 5. Be2 d5 6. d4 cxd4 7. exd4 e4 8. Ne5
dxc4 9. Qa4 Be7 10. Nxc6 bxc6 11. d5 O-O 12. dxc6 Be6 13. Bxc4 Bxc4 14. Qxc4
Qb6 15. Be3 Qb4 16. Qxb4 Bxb4 17. Rc1 Nd5 18. Bd2 Bxc3 19. Bxc3 Rfc8 20. Ba5
Rab8 21. Rc5 Nb4 22. Kd2 Nxc6 23. Rhc1 Ne7 24. Rxc8+ Nxc8 25. b3 Nb6 26. Rc7
Ra8 27. Re7 1-0

[Event "20e Festival de Chambéry -Tournoi fermé "]
[Site "Chambéry (73)"]
[Date "2014.07.26"]
[Round "9.4"]
[White "Guidarelli, Laurent"]
[Black "Valles, Manuel"]
[Result "1-0"]
[WhiteElo "2498"]
[BlackElo "2398"]
[PlyCount "77"]
[EventDate "2014.??.??"]

1. g3 g6 2. Bg2 c5 3. c4 Bg7 4. Nc3 Nc6 5. a3 d6 6. Rb1 Bxc3 7. bxc3 Qd7 8. d3
b6 9. e4 Bb7 10. Nf3 O-O-O 11. O-O h6 12. Nd2 f5 13. exf5 gxf5 14. Nf3 Nf6 15.
Re1 Ng4 16. Nh4 Rde8 17. Rb2 e6 18. Rbe2 Nd8 19. Bxb7+ Kxb7 20. d4 Kc8 21. Rd2
Nb7 22. Rde2 Nf6 23. Qd3 Na5 24. f3 Rh7 25. Kg2 d5 26. cxd5 Qxd5 27. Nxf5 c4
28. Qc2 Qxf5 29. Qxf5 exf5 30. Rxe8+ Nxe8 31. Rxe8+ Kd7 32. Re5 Nb3 33. Bf4 Re7
34. Rxe7+ Kxe7 35. Bxh6 b5 36. Kf2 a5 37. Ke3 Ke6 38. Bf8 Nc1 39. h4 1-0

[Event "20e Festival de Chambéry -Tournoi fermé "]
[Site "Chambéry (73)"]
[Date "2014.08.03"]
[Round "9.5"]
[White "Moussard, Jules"]
[Black "Delorme, Axel"]
[Result "1/2-1/2"]
[WhiteElo "2423"]
[BlackElo "2494"]
[PlyCount "61"]
[EventDate "2014.??.??"]

1. e4 e5 2. Nf3 Nc6 3. Nc3 Nf6 4. Bb5 Nd4 5. Nxd4 exd4 6. e5 dxc3 7. exf6 Qxf6
8. dxc3 Qe5+ 9. Qe2 Qxe2+ 10. Bxe2 d5 11. O-O Bf5 12. Bf4 O-O-O 13. Bd3 Bxd3
14. cxd3 Bd6 15. Bxd6 Rxd6 16. Rfe1 Kd7 17. d4 Re8 18. Rxe8 Kxe8 19. Re1+ Kd7
20. Kf1 Re6 21. Rxe6 Kxe6 22. Ke2 g5 23. g4 f5 24. f3 fxg4 25. fxg4 Kd6 26. b4
Kc6 27. a4 b5 28. a5 a6 29. Kd3 Kd6 30. Ke3 Ke6 31. h3 1/2-1/2

[Event "20e Festival de Chambéry -Tournoi fermé "]
[Site "Chambéry (73)"]
[Date "2014.07.26"]
[Round "9.3"]
[White "Drenchev, Petar"]
[Black "Rambaldi, Francesco"]
[Result "1-0"]
[WhiteElo "2511"]
[BlackElo "2444"]
[PlyCount "209"]
[EventDate "2014.??.??"]

1. e4 e6 2. d4 d5 3. Nd2 h6 4. Ngf3 Nf6 5. Bd3 c5 6. exd5 exd5 7. dxc5 Bxc5 8.
Nb3 Bd6 9. Qe2+ Be7 10. h3 O-O 11. Be3 Nc6 12. c3 Re8 13. O-O Bd6 14. Rfe1 Bd7
15. Rad1 Qc8 16. Qf1 Bf5 17. Nbd4 Be4 18. Bxe4 dxe4 19. Nxc6 Qxc6 20. Nd4 Qa4
21. b3 Qa5 22. Qb5 Qc7 23. Qe2 a6 24. Nf5 Bf8 25. Bd4 Qc6 26. c4 Qe6 27. Ne3
Bd6 28. Qb2 Nh5 29. Nd5 f5 30. Qe2 Nf4 31. Nxf4 Bxf4 32. Bc3 Rad8 33. Rxd8 Rxd8
34. Rd1 Rd7 35. a4 Bc7 36. Rxd7 Qxd7 37. Kf1 g6 38. Ke1 Qd6 39. Qe3 g5 40. b4
Kf7 41. g4 Ke6 42. Qd4 fxg4 43. Qxe4+ Kd7 44. hxg4 Kc8 45. Ke2 Kb8 46. a5 Qd7
47. Qd4 Qe6+ 48. Kd3 Kc8 49. Qe4 Qd7+ 50. Ke2 Kb8 51. Bd4 Bd6 52. Bc3 Qa4 53.
c5 Bc7 54. Be5 Bxe5 55. Qxe5+ Ka7 56. Qd4 Qe8+ 57. Kf3 Qc6+ 58. Kg3 Qc7+ 59. f4
gxf4+ 60. Qxf4 Qg7 61. Kh4 Qg6 62. Qf5 Qe8 63. Qf6 Ka8 64. Qg7 Ka7 65. c6 Qe1+
66. Kh5 Qh1+ 67. Kg6 Qxc6+ 68. Qf6 Qh1 69. Kg7 Qh3 70. Qd4+ Ka8 71. Kg6 Qh1 72.
Qc5 Qe4+ 73. Qf5 Qh1 74. b5 axb5 75. Qxb5 Ka7 76. Qc5+ Ka8 77. Kh7 Qe4+ 78. Qf5
Qc6 79. Qf8+ Ka7 80. Qxh6 Qc7+ 81. Qg7 Qxa5 82. Qe7 Qd5 83. g5 Ka6 84. g6 Qh5+
85. Kg7 b5 86. Qa3+ Kb6 87. Qe3+ Ka5 88. Kf6 Qh4+ 89. Kf7 Qh5 90. Qa3+ Kb6 91.
Qd6+ Ka5 92. Ke7 Qg5+ 93. Qf6 Qc5+ 94. Qd6 Qg5+ 95. Ke8 Qh5 96. Qa3+ Kb6 97.
Qe3+ Ka5 98. Qa7+ Kb4 99. Qf7 Ka4 100. g7 Qe5+ 101. Kd7 Qd4+ 102. Kc8 Qg4+ 103.
Kb8 Qg3+ 104. Ka7 Qf2+ 105. Qxf2 1-0